| 000 | 00743nam a2200265Ia 4500 | ||
|---|---|---|---|
| 001 | dia_346 | ||
| 003 | CHAP | ||
| 005 | 20221215135316.0 | ||
| 008 | 220117s1996 xx 000 0 und d | ||
| 010 | _a170898 | ||
| 020 | _a970-10-0368-3 | ||
| 040 | _cCHAP | ||
| 082 | _a658.562 G66 1996 | ||
| 100 |
_aGonzález González, Carlos _9148204 |
||
| 245 |
_aCalidad total / _c Carlos González González |
||
| 260 |
_aMéxico : _b McGraw-Hill, _c1996 |
||
| 300 | _aviii, 439 p. | ||
| 590 | _aTS156 G66 1996 | ||
| 650 |
_aControl de calidad _9147085 |
||
| 650 |
_aQuality control _9147087 |
||
| 901 | _a658.562 G66 1996 | ||
| 902 | _aM | ||
| 905 | _a5232271996 mx nm 8222123322spa16 | ||
| 942 |
_cLIBRO _2ddc |
||
| 999 |
_c170898 _d170898 |
||